000 00749nas a2200265 4500
001 BR0703499
003 BR-BrBNA
005 20231205110854.0
007 ta
008 230509b bl.|||p| |||| 00| 00por d
040 _aBR-BrBNA
_bpor
_cBiblioteca Nacional de Agricultura
041 _a(Pt)
072 _aE10
100 1 _aMori, R.
245 1 _aMacroeconomia; Taxa de câmbio: nova apreciações
650 _aMACROECONOMIA
650 _aTAXA
650 _aBALANÇO COMERCIAL
650 _aPOLÍTICA MONETÁRIA
650 _aBALANÇA DE PAGAMENTO
650 _aINFLAÇÃO
773 0 _tAgroanalysis (Brazil)
_xISSN 0100-4298
_g(Apr 2007), v. 27(4) p. 9
_wBR0703499
909 _a202311
_bLúcia
_c55
_dLúcia Elande
942 _2AGRIS
_n0
_cANA
999 _c189523
_d189523